00421nam a2200145 4500020001800000082002400018100002000042245006300062260004700125300001000172650002700182650002900209650002300238650001400261 a9788194819127 aM 494.812 07bDIL/A aDileepkumar K V aAkakkazchakal:bmanipravalapatanangal/cby Dileepkumar K V aSukapuram:bVallathol Vidyapeetham,c2021. a336p. aLiterature Manipravala aLanguage Malayalam Study aLanguage Malayalam aLanguage